00571nam a22001217a 4500008004100000020001500041050002600056245025600082260004200338300002000380440003100400800001800431140819b xxu||||| |||| 00| 0 eng d a0406094195 aKD276.L39(1892 vol.2) aThe Law Reports(1892 vol.2) Chancery division: of the incorporated council of law reporting, supreme court of judicature cases determined in the chancery division and in lunacy and on appeal therefrom in the court of appeal. /cedited by Hemming, G.W. aLondon:bButterworth & Co Ltd,c1892. axi,526p.c24cm. pChancery division.vvol.2. aG.W. Hemming.